Ethiopia in pictures /

Brief text and photographs introduce the geography, history, government, people, and economy of Ethiopia.

Bibliographic Details
Main Author: Abebe, Daniel
Other Authors: Acquaye, Alfred Allotey
Format: Book
Language:English
Published: Minneapolis : Lerner Publications Co., [1988]
Series:Visual geography series (Minneapolis, Minn.)
Subjects:

MARC

Tag First Indicator Second Indicator Subfields
LEADER 00000cam a2200000 a 4500
001 in00001429021
005 20151020085302.0
008 870909s1988 mnua 001 0 eng
010 |a  87027034  
020 |a 0822518368 (lib. bdg.) :  |c $9.95 
035 |a (OCoLC)16870826 
035 |9 AHR7424AM 
040 |a DLC  |c DLC  |d UtOrBLW 
043 |a f-et--- 
049 |a TXAG 
050 0 0 |a DT373  |b .A575 1988 
082 0 0 |a 963  |2 19 
100 1 |a Abebe, Daniel. 
245 1 0 |a Ethiopia in pictures /  |c prepared by Daniel Abebe. 
264 1 |a Minneapolis :  |b Lerner Publications Co.,  |c [1988] 
264 4 |c ©1988 
300 |a 64 pages :  |b illustrations (some color) ;  |c 26 cm. 
336 |a text  |b txt  |2 rdacontent 
337 |a unmediated  |b n  |2 rdamedia 
338 |a volume  |b nc  |2 rdacarrier 
490 1 |a Visual geography series 
500 |a Revised edition of: Ethiopia in pictures / Alfred Allotey Acquaye. 1973. 
500 |a Includes index. 
520 |a Brief text and photographs introduce the geography, history, government, people, and economy of Ethiopia. 
651 0 |a Ethiopia. 
651 1 |a Ethiopia. 
700 1 |a Acquaye, Alfred Allotey.  |t Ethiopia in pictures. 
830 0 |a Visual geography series (Minneapolis, Minn.) 
999 |a MARS 
999 f f |s 9fd02fe4-c28f-3d87-b43c-c0a9e10a3d05  |i 8454014b-0d82-39e2-a63e-85beb5607fb0  |t 0 
952 f f |p normal  |a Texas A&M University  |b College Station  |c Sterling C. Evans Library  |d Evans: Curriculum Collection (4th floor)  |t 0  |e DT373 .A575 1988  |h Library of Congress classification  |i unmediated -- volume  |m A14822331571 
998 f f |a DT373 .A575 1988  |t 0  |l Evans: Curriculum Collection (4th floor)